Concise handbook of current events : (Record no. 136226)
[ view plain ]
| 000 -LEADER | |
|---|---|
| fixed length control field | 00857nam a22002417a 4500 |
| 005 - DATE AND TIME OF LATEST TRANSACTION | |
| control field | 20170124110256.0 |
| 010 ## - LIBRARY OF CONGRESS CONTROL NUMBER | |
| LC control number | A-905548 |
| 020 ## - INTERNATIONAL STANDARD BOOK NUMBER | |
| International Standard Book Number | 8173610525 |
| Terms of availability | 150.00 |
| 035 ## - SYSTEM CONTROL NUMBER | |
| System control number | A-905548 |
| 037 ## - SOURCE OF ACQUISITION | |
| Stock number | Cen Lib/Ret |
| 040 ## - CATALOGING SOURCE | |
| Original cataloging agency | DPL |
| Language of cataloging | EN |
| 082 ## - DEWEY DECIMAL CLASSIFICATION NUMBER | |
| Classification number | 000 |
| Item number | BIS |
| 245 ## - TITLE STATEMENT | |
| Title | Concise handbook of current events : |
| Remainder of title | national and international 1998-99 / |
| Statement of responsibility, etc | Contributed by Pushpa Bisht Sinha, Sanjay Sinha [and] R. S. Bisht ; |
| 260 ## - PUBLICATION, DISTRIBUTION, ETC. (IMPRINT) | |
| Place of publication, distribution, etc | New Delhi |
| Name of publisher, distributor, etc | Jawahar Publishers & Distributors |
| Date of publication, distribution, etc | 1999 |
| 270 ## - ADDRESS | |
| Address | 15, DDA Market, Ber Sarai Opp JNU Old Campus |
| City | New Delhi |
| Postal code | 110016 |
| 300 ## - PHYSICAL DESCRIPTION | |
| Extent | various pages. : |
| Dimensions | 24cm(Hb) |
| 650 ## - SUBJECT ADDED ENTRY--TOPICAL TERM | |
| Topical term or geographic name as entry element | General knowledge |
| Form subdivision | Guidebook |
| 9 (RLIN) | 24 |
| 650 ## - SUBJECT ADDED ENTRY--TOPICAL TERM | |
| Topical term or geographic name as entry element | Reasoning |
| 9 (RLIN) | 117482 |
| 700 ## - ADDED ENTRY--PERSONAL NAME | |
| Personal name | Sinha, Pushpa Bisht |
| 9 (RLIN) | 117483 |
| 700 ## - ADDED ENTRY--PERSONAL NAME | |
| Personal name | Sinha, Sujay |
| 9 (RLIN) | 117484 |
| 700 ## - ADDED ENTRY--PERSONAL NAME | |
| Personal name | Bisht, R. S. |
| 9 (RLIN) | 18773 |
| 942 ## - ADDED ENTRY ELEMENTS (KOHA) | |
| Source of classification or shelving scheme | Dewey Decimal Classification |
| Koha item type | English Books |
| Classification part | 000 |
| Call number suffix | BIS |
| Withdrawn status | Lost status | Damaged status | Not for loan | Collection code | Home library | Current library | Date acquired | Source of acquisition | Cost, normal purchase price | Total Checkouts | Full call number | Barcode | Date last seen | Copy number | Cost, replacement price | Price effective from | Koha item type |
|---|---|---|---|---|---|---|---|---|---|---|---|---|---|---|---|---|---|
| Not For Loan | Reference | Central Library | Central Library | 02/01/2016 | Cen Lib/Ret | 150.00 | 000 BIS | A-905548 | 02/01/2016 | 1 | 150.00 | 02/01/2016 | English Books |
